000 00265nam a2200097Ia 4500
008 190216s9999||||xx |||||||||||||| ||und||
100 _aPramodshankar Bhatt
245 0 _aHindi-Bharathiya Thakeker Gram Ki Boli Biswasa Bed
260 _bJaiprakashnath&Co:
942 _cBK
999 _c15383
_d15383